LDR 01278naa#a2200217#i#450# 001 RU\\bibl\123398 005 20260705225651.7 011 ## _a1994-4683 100 ## _a20230731b2023####ek#y0rusy0150####ca 102 ## _aRU 200 1# _aВЛИЯНИЕ МЕЖКОНЕЧНОСТНОЙ ФУНКЦИОНАЛЬНОЙ АСИММЕТРИИ МЫШЦ НОГ НА МОТОРНУЮ ПРОИЗВОДИТЕЛЬНОСТЬ ЦИКЛИЧЕСКИХ И АЦИКЛИЧЕСКИХ ЛОКОМОЦИЙ У БИАТЛОНИСТОВ ВЫСОКОЙ КВАЛИФИКАЦИИ _eЖурнальная статья 210 1# _aМосква _cНациональный государственный Университет физической культуры, спорта и здоровья им. П.Ф. Лесгафта _d2023 215 ## _a8 с. 608 ## _aЖурнальная статья _2local 675 ## _aБиатлон. 796.92.093.642 _z 700 #1 _aКрючков _gАндрей Сергеевич 700 #1 _aРостовцев _gВладимир Леонидович 700 #1 _aМякинченко _gПавел Евгеньевич 700 #1 _aМякинченко _gЕвгений Борисович 700 #1 _aФендель _gТатьяна Владимировна 856 4# _auchzapiski.lesgaft.spb.ru _u